| 000 | 00840cam a22002413a 4500 | ||
|---|---|---|---|
| 001 | 26512 | ||
| 003 | PGUSA | ||
| 005 | 20140828083555.0 | ||
| 008 | 080903s2008||||xxu|||||s|||||000 | eng d | ||
| 040 |
_aPGUSA _beng |
||
| 042 | _adc | ||
| 050 | 4 | _aQL | |
| 100 | 1 |
_aAllen, J. A. _q(Joel Asaph), _d1838-1921 |
|
| 245 | 1 | 0 |
_aDescription of a New Vespertilionine Bat from Yucatan : _bAuthor's Edition, extracted from Bulletin of the American Museum of Natural History, Vol. IX, September 28, 1897 _h[electronic resource] / _cJ. A. Allen |
| 260 |
_bProject Gutenberg, _c2008 |
||
| 506 | _aPublic domain in the USA. | ||
| 516 | _aElectronic text | ||
| 653 | _aBats -- Mexico -- Izamal -- Classification | ||
| 653 | _aVespertilionidae | ||
| 830 | 0 |
_aProject Gutenberg _v26512 |
|
| 856 | 4 | 0 | _uhttp://www.gutenberg.org/ebooks/26512 |
| 942 | _cEB | ||
| 999 |
_c255767 _d255767 |
||